Kadra reprezentacji Portugalii - MŚ 2002 - Statystyki

Ogólne statystyki
  • Ten quiz został rozwiązany 24 razy
  • Średni wynik to 8 z 24
Statystyki odpowiedzi
Nr Zawodnik Poz % Poprawnych
7 Luís Figo PO
95%
9 Pauleta NA
81%
10 Rui Costa PO
81%
2 Jorge Costa OB
67%
21 Nuno Gomes NA
52%
16 Ricardo BR
48%
1 Vítor Baía BR
48%
6 Paulo Sousa PO
43%
20 Petit PO
33%
11 Sérgio Conceição PO
29%
3 Abel Xavier OB
24%
5 Fernando Couto OB
24%
13 Jorge Andrade OB
24%
22 Beto OB
19%
12 Hugo Viana PO
19%
8 João Pinto NA
19%
15 Nélson Pereira BR
19%
17 Paulo Bento PO
19%
14 Pedro Barbosa PO
14%
4 Marco Caneira OB
10%
23 Rui Jorge OB
10%
# António Oliveira Trener
5%
19 Capucho PO
5%
18 Nuno Frechaut OB
5%
Nie znaleziono quizów pasujących do podanych kryteriów
Rozkład punktacji
Procent ludzi z każdym wynikiem
Percentyl według liczby udzielonych odpowiedzi
Twoja historia wyników
Nie rozwiązałeś tego quizu